000 00332nam a2200133 i 4500
001 bg
100 1 _aRABINOVIC, E. A.
245 0 _aSbornik zadac i uravnenij po obscej elektrotechnike /
_cE.A. Rabinowić.
260 _aMoskva,
_c1972.
040 _cBPK
041 _apol
942 _cKS
008 s pl f |000 0 pol
999 _c7580
_d7580
856 _uhttp://koha.tu.koszalin.pl/cgi-bin/koha/opac-detail.pl?biblionumber=7580
_yKatalog online BPK